000 00308nam a2200121Ia 4500
005 20260326100026.0
008 260326s9999||||xx |||||||||||||| ||und||
100 _aMartínez, Carlos
245 0 _aArquitectura en Colombia /
_cCarlos Martínez
260 _bProa
650 _aARQUITECTURA REGIONAL
942 _cBK
999 _c6416
_d6416